De penu legata
Guardat en:
| Autor principal: | |
|---|---|
| Format: | Llibre |
| Idioma: | espanyol |
| Publicat: |
Madrid
Dykinson
1999
|
| Matèries: | |
| Etiquetes: |
Afegir etiqueta
Sense etiquetes, Sigues el primer a etiquetar aquest registre!
|
MARC
| LEADER | 00000nam a2200000 a 4500 | ||
|---|---|---|---|
| 001 | UCP5746 | ||
| 003 | CL-VaPUC | ||
| 008 | 990927e19990000SP |||||||||||||||||spa|d | ||
| 082 | 0 | 4 | |a 340.54 |b SAN |2 21 |
| 100 | 0 | |a Sánchez Collado, Elena |e author |9 434311 | |
| 245 | 1 | 0 | |a De penu legata |
| 300 | |a 276 p | ||
| 942 | |c BK | ||
| 945 | |d 19990927 00:00:00 |a vberengu | ||
| 260 | |a Madrid |b Dykinson |c 1999 | ||
| 650 | 0 | |a Derecho romano |9 255930 | |
| 650 | 0 | |a Historia |9 255047 | |
| 650 | 0 | |a Derecho sucesorio |9 255015 | |
| 650 | 0 | |a Herederos |9 357054 | |
| 650 | 0 | |a Herencia |9 256325 | |
| 650 | 7 | |a LEGADOS |2 CL-VaPUC |9 256326 | |
| 583 | |a last modification |c 19990927 00:00:00 |k Rodrigo Vera | ||
| 999 | |c 283415 |d 283413 | ||
| 952 | |0 0 |1 0 |4 0 |6 340_540000000000000_SAN_1999 |7 0 |8 A |9 326572 |a BIBDER |b BIBDER |d 2019-11-20 |i 3536009 |o 340.54 SAN 1999 |p 3536009 |r 2023-01-25 |w 2019-11-20 |y BK |k DER | ||
| 952 | |0 0 |1 0 |4 0 |6 340_540000000000000_SAN_1999 |7 0 |8 DER_ROM |9 326573 |a BIBDER |b BIBDER |d 2019-11-20 |i 3670155 |o 340.54 SAN 1999 |p 3670155 |r 2023-01-25 |w 2019-11-20 |x Ubicación 4to piso |y BK |z Este recurso debe solicitarse con anticipación |k DER | ||